Efektívnosť nástrojov daňovej politiky vo vzdelávaní dizertačná práca

Gespeichert in:
Bibliographische Detailangaben
1. Verfasser: Hudoková, Kristína
Körperschaft: Národohospodárska fakulta EU. Katedra financií
Weitere Verfasser: Schultzová, Anna
Format: Buch
Sprache:Slowakisch
Veröffentlicht: Bratislava 2016
Schlagworte:
Tags: Tag hinzufügen
Keine Tags, Fügen Sie das erste Tag hinzu!

MARC

LEADER 00000nbm a2200000 4500
001 0226063
005 20240502073718.8
041 0 |a slo 
044 |a SK 
245 1 0 |a Efektívnosť nástrojov daňovej politiky vo vzdelávaní  |b dizertačná práca  |c Kristína Hudoková ; školiteľ: Anna Schultzová 
264 1 |a Bratislava  |c 2016 
300 |a 159 s. 
610 2 0 |a politika daňová 
610 2 0 |a dane 
610 2 0 |a vzdelávanie celoživotné 
610 2 0 |a Európska únia 
610 2 0 |a nástroje ekonomické 
100 1 |a Hudoková, Kristína 
700 1 |a Schultzová, Anna 
710 2 |a Národohospodárska fakulta EU. Katedra financií